Estatísticas para Países com Mais Espécies

Clique aqui para jogar o quiz

Estatísticas Gerais

  • Esse quiz foi jogado 7 082 vezes
  • A pontuação média é 14 de 20

Estatísticas das Respostas

# EspéciesPaís% Correto
59.851Brasil
100%
17.974Austrália
94%
21.474Estados Unidos
94%
34.687China
92%
12.468Rússia
88%
28.836México
85%
54.649Colômbia
82%
21.020Índia
81%
25.052África do Sul
79%
20.081Peru
76%
23.429Venezuela
75%
19.561Bolívia
68%
32.680Indonésia
67%
22.065Equador
66%
13.107R. D. Congo
61%
13.340Tailândia
51%
17.171Malásia
42%
12.034Vietname
40%
13.115Papua Nova Guiné
32%
13.630Costa Rica
27%

Distribuição das Pontuações

Percentil de Números Respondidos

Porcentagem de Pessoas com Cada Pontuação

Sua Pontuação Histórica

Você não jogou esse quiz